Les couleurs du français - CE1 (Record no. 523)

MARC details
000 -LEADER
fixed length control field 01528nam a2200301 4500
008 - FIXED-LENGTH DATA ELEMENTS--GENERAL INFORMATION
fixed length control field s2004 fr fre u
020 ## - INTERNATIONAL STANDARD BOOK NUMBER
International Standard Book Number 2011161924
020 ## - INTERNATIONAL STANDARD BOOK NUMBER
International Standard Book Number 9782011161925
040 ## - CATALOGING SOURCE
Original cataloging agency LB-BrCRDP
082 1# - DEWEY DECIMAL CLASSIFICATION NUMBER
Classification number CE1
Item number FRA
100 1# - MAIN ENTRY--PERSONAL NAME
Personal name Buhler, Viviane
245 14 - TITLE STATEMENT
Title Les couleurs du français - CE1
Remainder of title Maîtrise de la langue. Cycle2 - Niveau 3
Statement of responsibility, etc. Viviane Buhler , Line Bouvier
250 ## - EDITION STATEMENT
Edition statement 7e éd.
260 ## - PUBLICATION, DISTRIBUTION, ETC.
Place of publication, distribution, etc. Paris
Name of publisher, distributor, etc. Hachette
Date of publication, distribution, etc. 2004
300 ## - PHYSICAL DESCRIPTION
Extent 191 p.
Other physical details couv. couleur, ill. coul.
Dimensions 29 cm
500 ## - GENERAL NOTE
General note Sommaire.
520 ## - SUMMARY, ETC.
Summary, etc. Des objectifs précis : • Continuer l'apprentissage de la lecture. • Mettre en place le bagage lexical indispensable à la lecture et à l'écriture. • Introduire de manière implicite les notions grammaticales nécessaires à l'écriture. • Proposer des textes diversifiés, supports d'activités de communication orale. • Favoriser des prolongements dans les différents domaines de la découverte du monde. Une structure simple et régulière : • Douze chapitres, soit douze projets de lecture/écriture. • Chaque chapitre comprend six textes et une page de poèmes. • Des activités accompagnent chaque texte : Expression orale, S'exercer, Lire, Ecrire.
650 4# - SUBJECT ADDED ENTRY--TOPICAL TERM
Topical term or geographic name entry element Grammaire
650 4# - SUBJECT ADDED ENTRY--TOPICAL TERM
Topical term or geographic name entry element Expression orale
650 4# - SUBJECT ADDED ENTRY--TOPICAL TERM
Topical term or geographic name entry element Ecriture et lecture
650 4# - SUBJECT ADDED ENTRY--TOPICAL TERM
Topical term or geographic name entry element Orthographe grammaticale
650 4# - SUBJECT ADDED ENTRY--TOPICAL TERM
Topical term or geographic name entry element Orthographe lexicale
650 4# - SUBJECT ADDED ENTRY--TOPICAL TERM
Topical term or geographic name entry element EB2
650 4# - SUBJECT ADDED ENTRY--TOPICAL TERM
Topical term or geographic name entry element EB9
700 1# - ADDED ENTRY--PERSONAL NAME
Personal name Bouvier, Line
942 ## - ADDED ENTRY ELEMENTS (KOHA)
Koha item type Books
Holdings
Withdrawn status Lost status Source of classification or shelving scheme Damaged status Not for loan Home library Current library Shelving location Date acquired Source of acquisition Cost, normal purchase price Total Checkouts Full call number Barcode Date last seen Copy number Price effective from Koha item type
    Dewey Decimal Classification     مكتبة دار المعلمين و المعلمات - النبطية مكتبة دار المعلمين و المعلمات - النبطية Salle de Lecture 03/24/2006 Ambassade de France 0.00   372.62 Fr.HAC.EB2 CRN1516 07/28/2016 1 07/28/2016 Books
    Dewey Decimal Classification     مكتبة دار المعلمين و المعلمات - جونية مكتبة دار المعلمين و المعلمات - جونية Salle de Lecture 03/24/2006 Ambassade de France 0.00   372.62 Fr.HAC.EB2 CRJ1516 07/27/2016 1 07/27/2016 Books
    Dewey Decimal Classification     مكتبة دار المعلمين و المعلمات - زحلة مكتبة دار المعلمين و المعلمات - زحلة Salle de Lecture 03/01/2006 Amb. de France 0.00   CE1 FRA CRZ527 07/26/2016 1 07/26/2016 Books
    Dewey Decimal Classification     مكتبة دار المعلمين و المعلمات - صيدا مكتبة دار المعلمين و المعلمات - صيدا Salle de Lecture 09/01/2005 Ambassade de France 0.00   EB2 COU CRS274 07/28/2016 1 07/28/2016 Books
    Dewey Decimal Classification     مكتبة دار المعلمين و المعلمات - طرابلس مكتبة دار المعلمين و المعلمات - طرابلس Salle de Lecture 08/03/2005 Ambassade de France 0.00   372.6 COU CRT226 07/27/2016 1 07/27/2016 Books